Loading...
| Beliefs | 5 | 5 | 1 | 1 | 120 | 56 | 84.10 | 8 | 10 | 0.00 | 0.00 |
| Literature - British | 3 | 6 | 0 | 1 | 105 | 54 | 103.22 | 7 | 9 | 0.00 | 0.00 |
| Literature - American | 4 | 2 | 1 | 0 | 75 | 40 | 68.17 | 5 | 6 | 0.00 | 0.00 |
| Literature - European | 2 | 4 | 2 | 1 | 60 | 17 | 91.67 | 6 | 6 | 0.00 | 0.00 |
| World and Other Literature | 1 | 3 | 0 | 1 | 45 | 79 | 112.75 | 3 | 4 | 0.00 | 0.00 |
| Philosophy | 1 | 3 | 2 | 1 | 35 | 76 | 104.50 | 2 | 4 | 0.00 | 0.00 |
| Fine Arts - Visual | 1 | 2 | 1 | 1 | 30 | 62 | 86.33 | 3 | 3 | 0.00 | 0.00 |
| Social Science | 1 | 2 | 1 | 1 | 30 | 55 | 89.33 | 1 | 3 | 0.00 | 0.00 |
| Fine Arts - Auditory | 0 | 2 | 0 | 0 | 20 | 117 | 126.50 | 1 | 2 | 0.00 | 0.00 |
| 0 | 2 | 0 | 1 | 20 | 135 | 136.50 | 2 | 2 | 0.00 | 0.00 | |
| Other Arts: Visual | 0 | 1 | 1 | 1 | 5 | 114 | 114.00 | 0 | 1 | 0.00 | 0.00 |